[Event "Guernsey Open"]
[Site "Guernsey GCI"]
[Date "2008.10.23"]
[Round "5"]
[White "Gravett, Alan D"]
[Black "Ippel, Cornelius J"]
[Result "1/2-1/2"]
[WhiteElo "1948"]
[BlackElo "2065"]
[PlyCount "80"]
[EventDate "2008.10.19"]
[SourceDate "2006.10.28"]

1. Nf3 c5 2. c4 Nc6 3. Nc3 e6 4. g3 d5 5. cxd5 exd5 6. d4 Nf6 7. Bg2 h6 8. O-O
c4 9. Ne5 Be6 10. e4 dxe4 11. Nxc6 bxc6 12. Nxe4 Nxe4 13. Bxe4 Qd7 14. Re1 Be7
15. Qa4 Rc8 16. Bd2 O-O 17. Bc3 Rfe8 18. b3 cxb3 19. axb3 Bd8 20. Qxa7 Qxa7 21.
Rxa7 Bf6 22. b4 Bd5 23. Bxd5 Rxe1+ 24. Bxe1 cxd5 25. Rd7 Rc1 26. Kf1 Bxd4 27.
Rxd5 Bc3 28. Rd8+ Kh7 29. Re8 Bxb4 30. Re4 Bc3 31. Re3 Bd4 32. Re4 Bc5 33. Kg2
Rc2 34. Kf3 g5 35. h3 Kg6 36. g4 Bd6 37. Bb4 Bf4 38. h4 h5 39. gxh5+ Kxh5 40.
hxg5 Bxg5 1/2-1/2

[Event "Guernsey Open"]
[Site "Guernsey GCI"]
[Date "2008.10.23"]
[Round "5"]
[White "Van de Griendt, Monique"]
[Black "Goris Schouwstra, Adri"]
[Result "1-0"]
[WhiteElo "2049"]
[BlackElo "1943"]
[PlyCount "63"]
[EventDate "2008.10.19"]
[SourceDate "2006.10.28"]

1. c4 e6 2. Nf3 d5 3. b3 Nf6 4. g3 Be7 5. Bg2 O-O 6. O-O c6 7. Bb2 Nbd7 8. Qc2
Re8 9. d4 Nf8 10. Ne5 N6d7 11. f4 Nxe5 12. fxe5 Nd7 13. e4 dxc4 14. bxc4 Nf8
15. Nd2 f6 16. exf6 Bxf6 17. e5 Be7 18. Kh1 Bd7 19. Be4 Rc8 20. Qd3 b6 21. Qf3
Bg5 22. Rf2 c5 23. d5 exd5 24. cxd5 Bxd2 25. Rxd2 Ng6 26. Qh5 Rf8 27. e6 Be8
28. d6 Bc6 29. Bxc6 Rxc6 30. Qd5 Qa8 31. e7+ Rf7 32. d7 1-0

[Event "Guernsey Open"]
[Site "Guernsey GCI"]
[Date "2008.10.23"]
[Round "5"]
[White "Kamps, JW."]
[Black "Cummins, John M"]
[Result "1-0"]
[WhiteElo "2039"]
[BlackElo "1919"]
[PlyCount "77"]
[EventDate "2008.10.19"]
[SourceDate "2006.10.28"]

1. e4 e5 2. Nf3 Nc6 3. Bb5 a6 4. Ba4 Nf6 5. d3 d6 6. c3 Bd7 7. Nbd2 Be7 8. Nf1
b5 9. Bc2 Na7 10. Ng3 c6 11. O-O h6 12. Re1 Qc7 13. d4 O-O 14. h3 Rad8 15. a4
Nc8 16. Be3 Rfe8 17. axb5 axb5 18. Nh4 Bf8 19. Nhf5 Ne7 20. dxe5 dxe5 21. Nd6
Be6 22. Nxe8 Nxe8 23. Qf3 Nf6 24. Ra7 Qb8 25. Rea1 Ng6 26. Nf5 Qc8 27. Nxh6+
gxh6 28. Qxf6 Bg7 29. Qf3 Kh7 30. g3 Rg8 31. Kh2 Nh8 32. Qh5 Ng6 33. f4 exf4
34. gxf4 Bf8 35. e5 Bg7 36. Rg1 Qb8 37. Rxg6 fxg6 38. Qxg6+ Kh8 39. Qh7# 1-0

[Event "Guernsey Open"]
[Site "Guernsey GCI"]
[Date "2008.10.23"]
[Round "5"]
[White "Reutimann, Hans Peter"]
[Black "De Kruif, Kees"]
[Result "0-1"]
[WhiteElo "1761"]
[BlackElo "2038"]
[PlyCount "122"]
[EventDate "2008.10.19"]
[SourceDate "2006.10.28"]

1. d4 Nf6 2. Nf3 e6 3. Bf4 c5 4. e3 Be7 5. Nbd2 Nh5 6. Bg3 Nxg3 7. hxg3 d6 8.
c3 Nd7 9. Bd3 h6 10. Nh4 Nf6 11. Qe2 Bd7 12. dxc5 dxc5 13. Nc4 Qc7 14. Nf3 Bc6
15. O-O O-O 16. Rfd1 Rfd8 17. Nce5 Be4 18. a3 Bxd3 19. Nxd3 Rd6 20. c4 Rad8 21.
Qc2 Ng4 22. Nde1 Bf6 23. Rxd6 Rxd6 24. Rb1 Qd7 25. b4 b6 26. bxc5 bxc5 27. Rb3
g6 28. Rd3 Kg7 29. Rxd6 Qxd6 30. Nd3 Qa6 31. a4 Qd6 32. Nh2 Ne5 33. Nxe5 Qxe5
34. Nf3 Qa1+ 35. Kh2 a5 36. Nd2 Qa3 37. Qb3 Qb4 38. Qxb4 cxb4 39. Kg1 Bd8 40.
Kf1 Kf6 41. Ke2 Ke5 42. g4 f5 43. gxf5 exf5 44. Nf3+ Kd6 45. Nd4 Bc7 46. Kd3
Bb6 47. Nb3 g5 48. f3 h5 49. Ke2 h4 50. e4 fxe4 51. fxe4 g4 52. Nd2 Ke5 53. Kd3
Kf4 54. Ke2 h3 55. gxh3 gxh3 56. Kf1 Ke3 57. Ke1 b3 58. Nf1+ Kxe4 59. Nd2+ Kd3
60. Nxb3 h2 61. Nc1+ Kxc4 0-1

[Event "Guernsey Open"]
[Site "Guernsey GCI"]
[Date "2008.10.23"]
[Round "5"]
[White "Jamieson, Ian"]
[Black "Wagner, Ghislain"]
[Result "1-0"]
[WhiteElo "2013"]
[BlackElo "1862"]
[PlyCount "59"]
[EventDate "2008.10.19"]
[SourceDate "2006.10.28"]

1. f4 d5 2. b3 Nf6 3. Nf3 g6 4. Bb2 c5 5. e3 Bg7 6. Be2 Nc6 7. O-O O-O 8. Ne5
Qc7 9. Nc3 a6 10. Nxc6 Qxc6 11. Bf3 e6 12. Ne2 b5 13. g4 e5 14. Bxe5 Nxg4 15.
Bxg7 Kxg7 16. c4 Nf6 17. Rc1 Be6 18. d4 Ne4 19. Bxe4 Bh3 20. Bxd5 Qe8 21. Rf3
Bg4 22. Rg3 Rd8 23. dxc5 h5 24. Qd4+ Kh7 25. Nc3 bxc4 26. Ne4 Qb5 27. Nf6+ Kh6
28. Nxg4+ hxg4 29. Rxg4 Rxd5 30. Qxd5 1-0

[Event "Guernsey Open"]
[Site "Guernsey GCI"]
[Date "2008.10.23"]
[Round "5"]
[White "Hickman, John E"]
[Black "Ruigrok, Jacques"]
[Result "1/2-1/2"]
[WhiteElo "1989"]
[BlackElo "1801"]
[PlyCount "117"]
[EventDate "2008.10.19"]
[SourceDate "2006.10.28"]

1. e4 e5 2. Nf3 Nc6 3. Bb5 f5 4. Nc3 fxe4 5. Nxe4 Nf6 6. Qe2 Qe7 7. O-O d5 8.
Nxf6+ gxf6 9. d4 Bg4 10. dxe5 Bg7 11. Qd3 Bxf3 12. Qxf3 O-O-O 13. exf6 Bxf6 14.
Bxc6 bxc6 15. Bd2 Rdf8 16. Rae1 Qd7 17. Qa3 Kb7 18. Re3 Bd4 19. Qb4+ Bb6 20. a4
Ka8 21. Re7 Qf5 22. Be3 Bxe3 {(=)} 23. Rxe3 Rb8 24. Qc5 Qg6 25. b4 Rhg8 26. Rg3
Qd6 27. Qxd6 cxd6 28. Rxg8 Rxg8 29. Rd1 Rb8 30. Rb1 a5 31. b5 cxb5 32. axb5 Kb7
33. f4 Kb6 34. Kf2 d4 35. Ke2 Rg8 36. g3 Re8+ 37. Kd3 Re3+ 38. Kxd4 Re2 39. c4
Rxh2 40. Kd5 Rd2+ 41. Ke6 Rc2 42. f5 Rxc4 43. f6 Rc3 44. f7 Re3+ 45. Kxd6 Rd3+
46. Ke7 Re3+ 47. Kf6 Rf3+ 48. Kg7 Rxg3+ 49. Kxh7 Rf3 50. Kg7 Rg3+ 51. Kf8 a4
52. Rf1 a3 53. Ke7 Rg7 54. Kf6 Rxf7+ 55. Kxf7 Kxb5 56. Ke6 Kb4 57. Rb1+ Kc3 58.
Kd5 a2 59. Ra1 1/2-1/2

[Event "Guernsey Open"]
[Site "Guernsey GCI"]
[Date "2008.10.23"]
[Round "5"]
[White "Morcom, Hugh C"]
[Black "De Graaf, Arnoud"]
[Result "1/2-1/2"]
[WhiteElo "1978"]
[BlackElo "1785"]
[PlyCount "59"]
[EventDate "2008.10.19"]
[SourceDate "2006.10.28"]

1. e4 d6 2. d4 Nf6 3. Nd2 g6 4. Ngf3 Bg7 5. Be2 O-O 6. O-O c6 7. c3 Nbd7 8. Re1
e5 9. Bf1 Qe7 10. Qc2 Re8 11. dxe5 dxe5 12. h3 Nh5 13. Nc4 Nf8 14. Bg5 f6 15.
Be3 Ne6 16. Rad1 Bf8 17. Nd6 Rd8 18. Nxc8 Rdxc8 19. Qb3 Kh8 20. Rd2 b6 21. Red1
Rd8 22. Bc4 Nef4 23. Kh2 g5 24. g3 Ng6 25. Rxd8 Rxd8 26. Rxd8 Qxd8 27. Bf7 Qd7
28. Be6 Qe7 29. Bg4 Ng7 30. Bc8 1/2-1/2

[Event "Guernsey Open"]
[Site "Guernsey GCI"]
[Date "2008.10.23"]
[Round "5"]
[White "Burton, Ronnie"]
[Black "Heath, Jeffrey"]
[Result "1-0"]
[WhiteElo "2052"]
[BlackElo "1925"]
[PlyCount "49"]
[EventDate "2008.10.19"]
[SourceDate "2006.10.28"]

1. e4 e5 2. Nf3 Nc6 3. Bb5 Bc5 4. c3 Nge7 5. d4 exd4 6. cxd4 Bb4+ 7. Nc3 a6 8.
Ba4 b5 9. Bc2 Ng6 10. a3 Be7 11. O-O d6 12. h3 Nh4 13. Nxh4 Bxh4 14. f4 Bf6 15.
Be3 g6 16. e5 dxe5 17. fxe5 Bg7 18. Qf3 Qd7 19. Rad1 O-O 20. Ne4 f5 21. Nc5 Qe8
22. Bb3+ Kh8 23. Bd5 Nxe5 24. dxe5 Rb8 25. Nd3 1-0

[Event "Guernsey Open"]
[Site "Guernsey GCI"]
[Date "2008.10.23"]
[Round "5"]
[White "Blijlevens, Pim"]
[Black "Murray, John Stephen"]
[Result "1-0"]
[WhiteElo "1849"]
[BlackElo "2005"]
[PlyCount "73"]
[EventDate "2008.10.19"]
[SourceDate "2006.10.28"]

1. d4 Nf6 2. Bg5 e6 3. e4 h6 4. Bxf6 Qxf6 5. Nf3 d6 6. e5 Qd8 7. Bd3 Nd7 8.
Nbd2 Be7 9. c3 Nb6 10. Ne4 Bd7 11. Ng3 Bc6 12. Nh5 Bf8 13. b4 Qd7 14. Nf4 O-O-O
15. exd6 Bxd6 16. Nh5 Bf8 17. Ne5 Qe8 18. b5 Bd7 19. Qf3 f5 20. a4 Nd5 21. Nf4
Nxf4 22. Qxf4 Bd6 23. O-O g5 24. Qe3 Rg8 25. c4 Qe7 26. c5 Bxe5 27. Qxe5 Qg7
28. Qe3 Qf6 29. a5 Be8 30. a6 Rxd4 31. axb7+ Kxb7 32. c6+ Bxc6 33. bxc6+ Kxc6
34. Rfc1+ Kd7 35. Rxa7 Rc8 36. Ba6 Rd8 37. Rcxc7+ 1-0

[Event "Guernsey Open"]
[Site "Guernsey GCI"]
[Date "2008.10.23"]
[Round "5"]
[White "Fassaert, DJM."]
[Black "Badenhop, WEH."]
[Result "1/2-1/2"]
[WhiteElo "2002"]
[BlackElo "1900"]
[PlyCount "34"]
[EventDate "2008.10.19"]
[SourceDate "2006.10.28"]

1. Nf3 g6 2. d4 Bg7 3. e4 c6 4. Bd3 d5 5. c3 dxe4 6. Bxe4 Nf6 7. Bd3 Qc7 8. O-O
O-O 9. Bg5 Nbd7 10. Re1 Re8 11. Nbd2 e5 12. dxe5 Nxe5 13. Bf4 Nd5 14. Bxe5 Bxe5
15. Nxe5 Rxe5 16. Rxe5 Qxe5 17. Nf3 Qc7 1/2-1/2

[Event "Guernsey Open"]
[Site "Guernsey GCI"]
[Date "2008.10.23"]
[Round "5"]
[White "Bridel, Jon R"]
[Black "Van der Sanden, Martin"]
[Result "0-1"]
[WhiteElo "1482"]
[BlackElo "1884"]
[PlyCount "70"]
[EventDate "2008.10.19"]
[SourceDate "2006.10.28"]

1. b3 Nf6 2. Bb2 e6 3. e3 d5 4. Nf3 c5 5. d4 Nc6 6. Be2 Be7 7. O-O O-O 8. Nbd2
b6 9. c4 Bb7 10. a3 Rc8 11. Qc2 cxd4 12. Nxd4 Nxd4 13. Bxd4 dxc4 14. bxc4 Qc7
15. Rfc1 Rfd8 16. Ra2 Nd7 17. Bd3 h6 18. a4 Nc5 19. Bxc5 Bxc5 20. Qc3 Bd6 21.
h3 Be5 22. Qc2 Rd7 23. Ra3 Rcd8 24. Rd1 f5 25. Be2 Qc6 26. Bf3 Qd6 27. Ra2 Bxf3
28. gxf3 Qb4 29. Kf1 Bc3 30. Ke1 Kf7 31. Ke2 Rxd2+ 32. Rxd2 Rxd2+ 33. Qxd2 Bxd2
34. Rxd2 Qxc4+ 35. Ke1 Qxa4 0-1

[Event "Guernsey Open"]
[Site "Guernsey GCI"]
[Date "2008.10.24"]
[Round "6"]
[White "Bisby, Daniel L"]
[Black "Kurajica, Bojan"]
[Result "0-1"]
[WhiteElo "2287"]
[BlackElo "2540"]
[PlyCount "82"]
[EventDate "2008.10.19"]
[SourceDate "2006.10.28"]

1. e4 c5 2. Nc3 a6 3. g3 b5 4. Bg2 Bb7 5. d3 e6 6. f4 b4 7. Nce2 f5 8. Nf3 fxe4
9. Ng5 Qb6 10. Nxe4 Be7 11. a3 a5 12. O-O Nh6 13. Be3 Ng4 14. Qd2 O-O 15. Kh1
Nxe3 16. Qxe3 Nc6 17. c3 Rab8 18. g4 Nd8 19. f5 Nf7 20. N2g3 Nh6 21. Qf4 d5 22.
Ng5 {(=)} e5 23. Qd2 Nxg4 24. Ne6 Rf7 25. Qe2 Nh6 26. Qxe5 Bd6 27. Qe3 d4 28.
cxd4 Bxg2+ 29. Kxg2 cxd4 30. Qxd4 bxa3 31. bxa3 Bxg3 32. hxg3 Nxf5 33. Rxf5
Qb2+ 34. Qxb2 Rxb2+ 35. Kh3 Rxf5 36. Rc1 Kf7 37. Nd4 Rf6 38. Rc7+ Kg6 39. Nc6
Kf5 40. Ne7+ Ke6 41. d4 Rf7 0-1

[Event "Guernsey Open"]
[Site "Guernsey GCI"]
[Date "2008.10.24"]
[Round "6"]
[White "Broek, Thomas"]
[Black "Minnican, Alan William"]
[Result "1-0"]
[WhiteElo "2229"]
[BlackElo "2086"]
[PlyCount "105"]
[EventDate "2008.10.19"]
[SourceDate "2006.10.28"]

1. e4 Nc6 2. Nf3 Nf6 3. e5 Ng4 4. d4 d6 5. h3 Nh6 6. Bxh6 gxh6 7. e6 fxe6 8.
Bc4 Bg7 9. c3 d5 10. Bb5 Qd6 11. Qe2 Bd7 12. Nbd2 O-O 13. O-O Kh8 14. Qe3 Qf4
15. Rfe1 Qxe3 16. Rxe3 Bf6 17. Rae1 Rg8 18. g3 a6 19. Bxc6 Bxc6 20. Ne5 Be8 21.
Ndf3 h5 22. h4 b6 23. Nd3 Bg6 24. Nf4 Bf5 25. Nxe6 Rac8 26. Nf4 e6 27. Nxe6 Bg4
28. Nf4 c6 29. Ne5 c5 30. Nxd5 cxd4 31. cxd4 Bxh4 32. Nxg4 Rxg4 33. Re8+ Rxe8
34. Rxe8+ Kg7 35. Ne3 Kf7 36. Rb8 Rg6 37. Nc4 Bf6 38. d5 Bd4 39. Rb7+ Kg8 40.
d6 Rf6 41. Kg2 Rxf2+ 42. Kh3 Kf8 43. Nxb6 Bxb6 44. Rxb6 a5 45. Rb5 Rd2 46. Rxh5
Rxd6 47. Rxa5 Kg7 48. b4 Kg6 49. b5 Rd4 50. a4 Rb4 51. Ra6+ Kg5 52. b6 h5 53.
Ra5+ 1-0

[Event "Guernsey Open"]
[Site "Guernsey GCI"]
[Date "2008.10.24"]
[Round "6"]
[White "Thurlow, Kevin J"]
[Black "Cornelisse, Johnny JA"]
[Result "0-1"]
[WhiteElo "2062"]
[BlackElo "2203"]
[PlyCount "82"]
[EventDate "2008.10.19"]
[SourceDate "2006.10.28"]

1. c4 g6 2. d4 Bg7 3. Nc3 d6 4. g3 e5 5. dxe5 Bxe5 6. Nf3 Bg7 7. Bg2 Nc6 8. Bg5
Nce7 9. O-O h6 10. Bd2 Nf6 11. Qc2 O-O 12. Rad1 Nc6 13. Nd5 Bf5 14. Qc1 Kh7 15.
Bc3 Re8 16. Rfe1 Be4 17. h4 Nb8 18. b3 c6 19. Nxf6+ Bxf6 20. Qb2 Bxc3 21. Qxc3
Qe7 22. Qd2 d5 23. cxd5 Bxd5 24. e4 Be6 25. Nh2 c5 26. Qc3 Nc6 27. Nf1 Rad8 28.
Rxd8 Rxd8 29. Ne3 Qd6 30. Nd5 Nd4 31. e5 Qf8 32. Nf6+ Kg7 33. Bxb7 Rb8 34. Bg2
Nb5 35. Qc1 Rc8 36. Bd5 Qe7 37. Qc4 Nd4 38. Re3 Nf5 39. Re1 Nd4 40. h5 Nf3+ 41.
Kh1 Nxe1 0-1

[Event "Guernsey Open"]
[Site "Guernsey GCI"]
[Date "2008.10.24"]
[Round "6"]
[White "Brown, Tom"]
[Black "Havenaar, Jan"]
[Result "0-1"]
[WhiteElo "1966"]
[BlackElo "2170"]
[PlyCount "64"]
[EventDate "2008.10.19"]
[SourceDate "2006.10.28"]

1. e4 g6 2. d4 Bg7 3. c4 d6 4. Nc3 c5 5. dxc5 Qa5 6. Bd2 Qxc5 7. Bd3 Nf6 8.
Nge2 Ng4 9. O-O Qh5 10. h3 Ne5 11. Nc1 Bxh3 12. Qxh5 gxh5 13. Nd5 Na6 14. Nf4
Bh6 15. Be2 Bg4 16. f3 Bd7 17. Nb3 Rc8 18. Nxh5 Bxd2 19. Nxd2 Nc5 20. b4 Ne6
21. Rfc1 Rg8 22. Kf2 Nd4 23. g4 Nxe2 24. Kxe2 Nxg4 25. Rg1 Nh6 26. b5 f5 27.
Rxg8+ Nxg8 28. exf5 Kf7 29. Rc1 Bxb5 30. Rg1 Bxc4+ 31. Ke3 Nf6 32. Nf4 Nd5+ 0-1

[Event "Guernsey Open"]
[Site "Guernsey GCI"]
[Date "2008.10.24"]
[Round "6"]
[White "Kett, Timothy"]
[Black "Hamperl, Fred A"]
[Result "1-0"]
[WhiteElo "2272"]
[BlackElo "2076"]
[PlyCount "51"]
[EventDate "2008.10.19"]
[SourceDate "2006.10.28"]

1. e4 c5 2. Nf3 Nc6 3. d4 cxd4 4. Nxd4 e5 5. Nb5 d6 6. N1c3 a6 7. Na3 b5 8. Nd5
Nce7 9. c4 Nxd5 10. exd5 bxc4 11. Nxc4 Nf6 12. Bd2 Nd7 13. Ba5 Qf6 14. Qa4 Be7
15. Nb6 Rb8 16. Bxa6 O-O 17. Nxd7 Bxd7 18. Qxd7 Ra8 19. Qc6 Qg5 20. O-O f5 21.
f4 exf4 22. Bd2 Bf6 23. Bxf4 Bd4+ 24. Kh1 Qh5 25. Bxd6 Qh6 26. Bxf8 1-0

[Event "Guernsey Open"]
[Site "Guernsey GCI"]
[Date "2008.10.24"]
[Round "6"]
[White "Burrows, Martin P"]
[Black "Simmons, Matthew"]
[Result "1-0"]
[WhiteElo "2196"]
[BlackElo "2067"]
[PlyCount "69"]
[EventDate "2008.10.19"]
[SourceDate "2006.10.28"]

1. e4 c5 2. Nf3 Nc6 3. d4 cxd4 4. Nxd4 Qb6 5. Nb3 Nf6 6. Nc3 e6 7. Be3 Qc7 8.
f4 d6 9. Bd3 a6 10. Qf3 Be7 11. O-O-O Nd7 12. Rhe1 b5 13. Kb1 Bb7 14. Qg3 Bf6
15. e5 dxe5 16. f5 Rc8 17. fxe6 fxe6 18. Bxh7 Rxh7 19. Qg6+ Ke7 20. Qxh7 Nd8
21. Qd3 e4 22. Nxe4 Bd5 23. Nxf6 gxf6 24. Qh7+ Kd6 25. Nd4 Ne5 26. Qxc7+ Rxc7
27. Bf4 Rg7 28. g3 Ndf7 29. Nf3 Ke7 30. Nxe5 fxe5 31. Bxe5 Rh7 32. h4 Rh5 33.
Bc3 Kd7 34. Bf6 Nh6 35. Re5 1-0

[Event "Guernsey Open"]
[Site "Guernsey GCI"]
[Date "2008.10.24"]
[Round "6"]
[White "Goris, Ton"]
[Black "Reijneveld, Ad"]
[Result "1-0"]
[WhiteElo "2077"]
[BlackElo "2196"]
[PlyCount "75"]
[EventDate "2008.10.19"]
[SourceDate "2006.10.28"]

1. e4 c5 2. c3 g6 3. d4 cxd4 4. cxd4 d5 5. e5 Nc6 6. Nf3 Bg4 7. Bb5 Nh6 8. h3
Bxf3 9. Qxf3 Nf5 10. Bxc6+ bxc6 11. Qc3 Qb6 12. Be3 e6 13. a3 Nxe3 14. fxe3 c5
15. Nd2 Rb8 16. b3 Be7 17. O-O O-O 18. Rf3 Rbc8 19. Qd3 a5 20. a4 cxd4 21. exd4
Bb4 22. Rf4 Rc3 23. Qf1 Re3 24. Rd1 Rxe5 25. Nf3 Re4 26. Rxe4 dxe4 27. Ne5 Qd6
28. Qf6 Qe7 29. Qxe7 Bxe7 30. Nc6 Bd8 31. d5 exd5 32. Rxd5 Bb6+ 33. Kf1 f5 34.
Nxa5 Rc8 35. Nc4 Bc5 36. a5 Rc7 37. a6 Kf7 38. Rxc5 1-0

[Event "Guernsey Open"]
[Site "Guernsey GCI"]
[Date "2008.10.24"]
[Round "6"]
[White "Jackson, Oliver A"]
[Black "Van Ingen, Ton"]
[Result "1-0"]
[WhiteElo "2182"]
[BlackElo "2051"]
[PlyCount "81"]
[EventDate "2008.10.19"]
[SourceDate "2006.10.28"]

1. e4 c5 2. Nc3 Nc6 3. f4 g6 4. Nf3 Bg7 5. Bb5 Nd4 6. O-O Nxb5 7. Nxb5 a6 8.
Nc3 e6 9. d3 Ne7 10. Qe1 O-O 11. f5 exf5 12. Qh4 f6 13. Ng5 h6 14. Nf3 g5 15.
Qf2 d6 16. Bd2 b5 17. Rae1 Bb7 18. exf5 Nxf5 19. Ne4 Qd7 20. h3 Rae8 21. a3 Ne7
22. Ng3 Nc6 23. Rxe8 Rxe8 24. Nh2 Ne7 25. Nh5 Rf8 26. Ng4 f5 27. Nxg7 Kxg7 28.
Nxh6 Rf6 29. Bc3 Kxh6 30. Bxf6 Nd5 31. Bc3 Nf4 32. h4 Qc6 33. hxg5+ Kg6 34. Kh2
Qd5 35. Qf3 Nxg2 36. Qxd5 Bxd5 37. Bd2 Nh4 38. Kg3 Kh5 39. Rf2 Ng2 40. Rxg2
Bxg2 41. Kxg2 1-0

[Event "Guernsey Open"]
[Site "Guernsey GCI"]
[Date "2008.10.24"]
[Round "6"]
[White "Spice, Alan"]
[Black "Paardekam, Rene"]
[Result "1-0"]
[WhiteElo "2173"]
[BlackElo "1784"]
[PlyCount "51"]
[EventDate "2008.10.19"]
[SourceDate "2006.10.28"]

1. Nc3 d5 2. e4 e6 3. d4 dxe4 4. Nxe4 Bd7 5. Nf3 Bc6 6. Bd3 Nd7 7. O-O Ngf6 8.
Ng3 Be7 9. Re1 O-O 10. Qe2 Re8 11. Bd2 Nf8 12. c3 Bd6 13. Rad1 Ng6 14. Ne5 Bd7
15. Bg5 Be7 16. h4 Nd5 17. Qh5 Bxg5 18. hxg5 Ndf4 19. Qf3 Nxe5 20. dxe5 Nxd3
21. Rxd3 Qe7 22. Nh5 Bc6 23. Qf4 Qf8 24. Nf6+ gxf6 25. gxf6 Kh8 26. Rg3 1-0

[Event "Guernsey Open"]
[Site "Guernsey GCI"]
[Date "2008.10.24"]
[Round "6"]
[White "Prins, Jan"]
[Black "Vickery, Jim"]
[Result "1-0"]
[WhiteElo "2045"]
[BlackElo "2113"]
[PlyCount "55"]
[EventDate "2008.10.19"]
[SourceDate "2006.10.28"]

1. d4 Nf6 2. Nf3 g6 3. c4 d6 4. Nc3 Nbd7 5. e4 e5 6. Be3 Bg7 7. h3 exd4 8. Nxd4
O-O 9. Nb3 Re8 10. Bd3 Ne5 11. O-O Be6 12. Qe2 Nxd3 {(=)} 13. Qxd3 Nd7 14. f4
Nc5 15. Nxc5 dxc5 16. Qe2 Bd4 17. Rf3 Bxe3+ 18. Rxe3 f6 19. Rd1 Qe7 20. b3 c6
21. Red3 Rad8 22. Qe3 b6 23. Qd2 Rxd3 24. Qxd3 Kf7 25. g4 Qc7 26. Qd6 Qxd6 27.
Rxd6 Rc8 28. f5 1-0

[Event "Guernsey Open"]
[Site "Guernsey GCI"]
[Date "2008.10.24"]
[Round "6"]
[White "Rowe, Peter"]
[Black "Norman, Kenneth I"]
[Result "1/2-1/2"]
[WhiteElo "2053"]
[BlackElo "2192"]
[PlyCount "48"]
[EventDate "2008.10.19"]
[SourceDate "2006.10.28"]

1. d4 Nf6 2. Nf3 g6 3. Bf4 d6 4. e3 Nh5 5. Bg5 h6 6. Bh4 g5 7. Nfd2 Ng7 8. Bg3
Nf5 9. Bc4 Bg7 10. Qf3 e6 11. c3 Nd7 12. e4 Nxg3 13. fxg3 c6 14. O-O Qe7 15. a4
O-O 16. Na3 c5 17. Nc2 Rb8 18. Qf2 b6 19. Rae1 Bb7 20. Bd3 Rbc8 21. Qe2 cxd4
22. Nxd4 Ne5 23. Ba6 Rcd8 24. Bxb7 Qxb7 1/2-1/2

[Event "Guernsey Open"]
[Site "Guernsey GCI"]
[Date "2008.10.24"]
[Round "6"]
[White "Heppell, Ian N"]
[Black "Van de Griendt, Monique"]
[Result "1-0"]
[WhiteElo "2168"]
[BlackElo "2049"]
[PlyCount "83"]
[EventDate "2008.10.19"]
[SourceDate "2006.10.28"]

1. e4 d5 2. exd5 Qxd5 3. Nc3 Qa5 4. d4 Nf6 5. Nf3 Bf5 6. Bc4 e6 7. Bd2 c6 8.
Qe2 Bb4 9. Ne5 Nbd7 10. Nxd7 Kxd7 11. O-O-O Rad8 12. a3 Bxc3 13. Bxc3 Qc7 14.
f3 Rhe8 15. g4 Bg6 16. Be1 Kc8 17. Bg3 Qa5 18. h4 h5 19. g5 Nd7 20. Rhe1 Nb6
21. Bb3 Qf5 22. Qh2 Qa5 23. Be5 Rg8 24. Qe2 Bf5 25. Bg3 Rde8 26. Qe3 g6 27. Qf4
Nd7 28. Qd6 Qb6 29. Qf4 a6 30. Re3 Re7 31. Qd6 Rge8 32. Rde1 Nf8 33. d5 e5 34.
dxc6 bxc6 35. Rc3 Bd7 36. Rc5 Ne6 37. Rcxe5 Nd4 38. Rxe7 Nxb3+ 39. cxb3 Rxe7
40. Qxe7 Qxb3 41. Qf8+ Kb7 42. Qb8# 1-0

[Event "Guernsey Open"]
[Site "Guernsey GCI"]
[Date "2008.10.24"]
[Round "6"]
[White "Dijksterhuis, Rolf"]
[Black "Taylor, Mark V"]
[Result "0-1"]
[WhiteElo "2040"]
[BlackElo "2146"]
[PlyCount "60"]
[EventDate "2008.10.19"]
[SourceDate "2006.10.28"]

1. e4 e6 2. d4 d5 3. Nc3 Bb4 4. Nge2 Nc6 5. e5 f6 6. exf6 Nxf6 7. a3 Ba5 8. Bg5
O-O 9. Qd3 e5 10. b4 Bb6 11. O-O-O Nxd4 12. Nxd4 Bxd4 13. Nb5 Bxf2 14. Bxf6
gxf6 15. Qf3 Bb6 16. Rxd5 Qe7 17. Nc3 Be6 18. Rd1 c6 19. Ne4 Rad8 20. Rxd8 Bxd8
21. Bd3 f5 22. Nc5 Bd5 23. Qe2 b6 24. Na4 b5 25. Nc3 a6 26. Qf2 e4 27. Be2 Qf6
28. Qc5 Be7 29. Nxd5 Qh6+ 30. Qe3 Bg5 0-1

[Event "Guernsey Open"]
[Site "Guernsey GCI"]
[Date "2008.10.24"]
[Round "6"]
[White "De Kruif, Kees"]
[Black "Westerkamp, Bert"]
[Result "1-0"]
[WhiteElo "2038"]
[BlackElo "2070"]
[PlyCount "113"]
[EventDate "2008.10.19"]
[SourceDate "2006.10.28"]

1. b4 e5 2. Bb2 Bxb4 3. Bxe5 Nf6 4. Nc3 Nc6 5. Bxf6 Qxf6 6. Nd5 Qd8 7. Nxb4
Nxb4 8. e3 d6 9. Rb1 Nc6 10. Nf3 O-O 11. d4 b6 12. Bd3 a5 13. c3 Ba6 14. Bxa6
Rxa6 15. Qd3 Ra8 16. O-O Ne7 17. Ng5 Ng6 18. f4 h6 19. Nh3 Re8 20. f5 Nf8 21.
Rf3 Qe7 22. f6 Qe4 23. Qxe4 Rxe4 24. fxg7 Kxg7 25. Rbf1 Re7 26. Nf4 c6 27. Nh5+
Kg8 28. Nf6+ Kg7 29. Rg3+ Ng6 30. h4 Re6 31. Nd7 Ra7 32. Nxb6 h5 33. d5 cxd5
34. Nxd5 Re4 35. Nf4 Kh6 36. Rg5 Rxe3 37. Rxh5+ Kg7 38. Rg5 Kh6 39. Nxg6 fxg6
40. Rf6 Rg7 41. Rxa5 Rxc3 42. Rxd6 Rc2 43. h5 Kh7 44. hxg6+ Kh6 45. Ra3 Kg5 46.
Rg3+ Kf5 47. Rf3+ Ke5 48. Ra6 Rb7 49. Ra5+ Ke6 50. Rg5 Rg7 51. a4 Rc4 52. a5
Ra4 53. Kh2 Rh4+ 54. Kg3 Ra4 55. Rf4 Ra2 56. Kh4 Ra1 57. Kh5 1-0

[Event "Guernsey Open"]
[Site "Guernsey GCI"]
[Date "2008.10.24"]
[Round "6"]
[White "Von Saldern, Ruediger"]
[Black "Kamps, JW."]
[Result "1/2-1/2"]
[WhiteElo "2057"]
[BlackElo "2039"]
[PlyCount "42"]
[EventDate "2008.10.19"]
[SourceDate "2006.10.28"]

1. d4 d6 2. Nf3 g6 3. e4 Nf6 4. Bd3 Bg7 5. h3 O-O 6. O-O Nc6 7. c3 e5 8. d5 Ne7
9. Be3 Nexd5 10. exd5 e4 11. Bxe4 Nxe4 12. Nbd2 Nf6 13. Nb3 a5 14. c4 a4 15.
Nbd4 c5 16. dxc6 bxc6 17. Rc1 Bb7 18. b3 axb3 19. axb3 Ne4 20. Qc2 Re8 21. Nd2
Nxd2 1/2-1/2

[Event "Guernsey Open"]
[Site "Guernsey GCI"]
[Date "2008.10.24"]
[Round "6"]
[White "Collier, David O"]
[Black "Jamieson, Ian"]
[Result "1-0"]
[WhiteElo "2089"]
[BlackElo "2013"]
[PlyCount "91"]
[EventDate "2008.10.19"]
[SourceDate "2006.10.28"]

1. d4 e6 2. e4 d5 3. Nc3 Be7 4. Qg4 Nf6 5. Qxg7 Rg8 6. Qh6 dxe4 7. Qe3 b6 8.
Nxe4 Bb7 9. Nxf6+ Bxf6 10. Nf3 Nd7 11. Bd2 Qe7 12. O-O-O O-O-O 13. Rg1 e5 14.
dxe5 Nxe5 15. Nxe5 Qxe5 16. Qxe5 Bxe5 17. Bd3 Rxg2 18. Rxg2 Bxg2 19. Bg5 Rxd3
20. Rxd3 Bxh2 21. Kd2 Be5 22. c3 f6 23. f4 Bd6 24. Bh6 Kd7 25. Bf8 Be4 26. Rd4
Bb1 27. Bxd6 cxd6 28. Ke3 Bxa2 29. Ra4 Bb1 30. Rxa7+ Kc6 31. Rf7 f5 32. Rxh7 b5
33. Kd4 Be4 34. Ra7 Bf3 35. Re7 Bg2 36. Re8 Bf3 37. Rf8 Be4 38. c4 bxc4 39.
Kxc4 Bd5+ 40. Kb4 Be4 41. Kc4 Bd5+ 42. Kd4 Be4 43. Rc8+ Kd7 44. Rc3 Bg2 45. b4
Be4 46. b5 1-0

[Event "Guernsey Open"]
[Site "Guernsey GCI"]
[Date "2008.10.24"]
[Round "6"]
[White "Ippel, Cornelius J"]
[Black "Viviani, Primo"]
[Result "1-0"]
[WhiteElo "2065"]
[BlackElo "1939"]
[PlyCount "83"]
[EventDate "2008.10.19"]
[SourceDate "2006.10.28"]

1. e4 c5 2. Nf3 Nc6 3. d4 cxd4 4. Nxd4 g6 5. Bc4 Bg7 6. Be3 Nf6 7. Nc3 d6 8.
O-O O-O 9. h3 Bd7 10. Bb3 a6 11. f4 b5 12. Bd5 Qc7 13. f5 b4 14. Nce2 Rfc8 15.
fxg6 hxg6 16. Bb3 e6 17. Ng3 a5 18. Nb5 Qb8 19. Nxd6 Rf8 20. Bf4 Qa7+ 21. Kh1
a4 22. Bc4 Na5 23. Be2 Bc6 24. Bf3 Rfd8 25. e5 Nd5 26. Bxd5 Bxd5 27. Qe1 Rab8
28. Nge4 Nc4 29. Nxc4 Bxc4 30. Rf2 Qd4 31. c3 bxc3 32. bxc3 Qd5 33. Nf6+ Bxf6
34. exf6 Rbc8 35. Be5 Rc5 36. Bd4 Rb5 37. Qe3 Qh5 38. Re1 Rdd5 39. Qxe6 Re5 40.
Qc8+ Kh7 41. Bxe5 Be6 42. Qf8 1-0